000 02838nam0a2200409 4500
001 RU\NLR\bibl\1469273
005 20260407134350.0
021 _aРГБ
_b1493-07
035 _a(nilc)RSL-KNO-003035367
035 _a(NLR Aleph) 001460984
090 _a1583180
_c1583180
100 _a20070227d2006 |||y0rusy50 ca
101 0 _arus
_aeng
102 _aRU
105 _aa |||||||||
106 _ar
200 1 _aЮрий Климов
_dYuri Klimov
_eживопись, графика
_e[каталог выставки
_fавт. вступ. ст. и авт.-сост. О. В. Дьяконицына]
_zeng
210 _aМосква
_cГосударственное учреждение культуры Москвы "Музей наивного искусства"
_d2006
215 _a40, [8] с.
_cпортр., цв. ил.
_e22х23
225 1 _aЮбилейные даты
_fтворч. группа проекта: руководитель В.И. Грозин
300 _aВ надзаг.: Гос. учреждение культуры Москвы "Музей наивного искусства"
300 _aТекст парал. на рус. и англ. яз.
510 1 _aYuri Klimov
_zeng
600 1 _aКлимов
_bЮ.Н.
_f1941
_gЮрий Николаевич
_jКаталоги
_xВыставки
_yМосква, город
_z2006
_92594706
_3RU\NLR\auth\661533157
601 0 2 _aМузей наивного искусства
_cМосква, город
_jКаталоги
_xВыставки
_z2006
_92594711
_3RU\NLR\auth\661533159
610 0 _aИскусство. Искусствознание -- Художественная самодеятельность -- Самодеятельность в области изобразительного искусства -- История самодеятельности в области изобразительного искусства -- Российская Федерация -- Самодеятельность в области изобразительного искусства в России -- Климов Юрий Николаевич (р.1941) - самодеятельный художник -- Творческий метод и мастерство -- Выставки
686 _aЩ710.3(2Р=Р)7-8Климов Ю.Н.42л62
_2rubbk
686 _aЩ143(2Р=Рус)7-8Климов
702 1 _aДьяконицына
_bО. В.
_gОльга Владимировна
_4220
712 0 2 _4570
_aМузей наивного искусства
_cМосква
_3RU\NLR\AUTH\8810080845
_9663901
801 0 _aRU
_bРГБ
_c20070227
_grcr
801 1 _aRU
_bРГБ
_c20070227
801 2 _aRU
_bNLR
_c20091119
_grcr
942 _cBOOK
980 _aNB